Online Catalogue and eLibrary

The political animal : (Record no. 384)

MARC details
000 -LEADER
fixed length control field 00710cam a2200229 a 4500
001 - CONTROL NUMBER
control field 2616493
005 - DATE AND TIME OF LATEST TRANSACTION
control field 20240214030100.0
008 - FIXED-LENGTH DATA ELEMENTS--GENERAL INFORMATION
fixed length control field 980630s1999 enk b 001 0 eng
020 ## - INTERNATIONAL STANDARD BOOK NUMBER
ISBN 0415189101 (hc. : alk. paper)
020 ## - INTERNATIONAL STANDARD BOOK NUMBER
ISBN 041518911X (pbk. : alk. paper)
040 ## - CATALOGING SOURCE (பட்டியலாக்க மூலம்)
Original cataloging agency DLC
Transcribing agency DLC
Modifying agency DLC
082 00 - DDC Classification
Class No. 320.
DDC Edition Number 21
Item Number - Author Mark STE.
100 1# - MAIN ENTRY--PERSONAL NAME
Personal name Clark, Stephen R. L.
245 14 - TITLE STATEMENT
Title The political animal :
Remainder of title biology, ethics, and politics /
Statement of responsibility, etc. Stephen R.L. Clark.
260 ## - PUBLICATION, DISTRIBUTION, ETC.
Place of publication, distribution, etc. London ;
-- New York :
Name of publisher, distributor, etc. Routledge,
Date of publication, distribution, etc. 1999.
300 ## - PHYSICAL DESCRIPTION
Extent (e.g. Volumes, Pages etc.) viii, 207 p. ;
650 #0 - SUBJECT ADDED ENTRY--TOPICAL TERM
Topical term or geographic name entry element Political science
650 #0 - SUBJECT ADDED ENTRY--TOPICAL TERM
Topical term or geographic name entry element Biopolitics.
650 #0 - SUBJECT ADDED ENTRY--TOPICAL TERM
Topical term or geographic name entry element Bioethics.
856 42 - ELECTRONIC LOCATION AND ACCESS
Uniform Resource Identifier <a href="http://www.loc.gov/catdir/enhancements/fy0649/98035441-d.html">http://www.loc.gov/catdir/enhancements/fy0649/98035441-d.html</a>
942 ## - Koha item type (Biblio)
Koha item type Books in Stacks (Lending)
Holdings
Lost status Damaged status Collection code Home library Current library Date acquired Full call number Accession Number Item type
    Lending WERC Library WERC Library 02/14/2024 320. STE. 4253 Books in Stacks (Lending)

© WERC Library